banner-ar

PHYSIOLOGY : 700 QUESTIONS AND ANSWERS / (Record no. 10866)

MARC details
000 -الفاتح
حقل البيانات ثابتة الطول 00422nam a2200157Ia 4500
008 - عناصر البيانات ثابتة الطول - معلومات عامة
حقل البيانات ثابتة الطول 140319s9999 xx 000 0 eng d
040 ## - مصدر الفهرسة
وكالة الفهرسة الأصلية GCL /
وكالة النسخ GCL
082 04 - رقم تصنيف ديوى العشرى
رقم التصنيف 374.1
رقم المادة P P
100 1# - المدخل الرئيسى - إسم شخصى
الإسم الشخصى PENNEY, G. DAVID
245 10 - بيان العنوان
العنوان PHYSIOLOGY : 700 QUESTIONS AND ANSWERS /
بيان المسئوليه,etc PENNEY, G. DAVID
260 ## - PUBLICATION, DISTRIBUTION, ETC. (IMPRINT)
تاريخ النشر أو التوزيع 1996
300 ## - الوصف المادى
التعداد 255
650 04 - المدخل الاضافى بالموضوع-مصطلح موضوعى
مصطلح موضوعي PHYSIOLOGY
942 ## - عناصر المدخل الإضافي( كوها)
مصدر التصنيف او مخطط الترفيف Dewey Decimal Classification
Koha [default] item type كتاب
260 ## - PUBLICATION, DISTRIBUTION, ETC. (IMPRINT)
-- [S.N] :
-- MEPC - APPLETOND AND LONGE ،
Holdings
حالة التراجع حالة الفقد حالة تلف ليس للاعارة المكان المؤقت الموقع الحالى تاريخ الاكتساب اجمالي اﻻعارات رقم الطلب الباركود تاريخ اخر مشاهدة تاريخ تفعيل السعر نوع وعاء كوها
        مكتبة القاهرة الكبرى مكتبة القاهرة الكبرى 03/26/2014   374.1\P P 21784 03/26/2014 03/26/2014 كتاب

Powered By

EGPV